[Event "Seville op 49th"]
[Site "Seville"]
[Date "2024.01.12"]
[Round "1"]
[White "Danduprolu, Ridhi Varma"]
[Black "Fiorito, Joaquin"]
[Result "0-1"]
[WhiteElo "1722"]
[BlackElo "2401"]
[PlyCount "126"]
[EventDate "2024.01.12"]
[EventType "swiss"]
[EventRounds "9"]
[EventCountry "ESP"]
[SourceTitle "CB04_2024"]
[SourceDate "2023.10.16"]
[SourceVersion "1"]
[SourceVersionDate "2023.10.16"]
[SourceQuality "1"]

1. e4 c5 2. Nf3 d6 3. d4 cxd4 4. Nxd4 Nf6 5. Nc3 a6 6. f3 e5 7. Nb3 Be7 8. Be3 Be6 9. Qd2 h5 10. 0-0-0 Nbd7 11. Kb1 Rc8 12. Nd5 Nxd5 13. exd5 Bf5 14. Bd3 Bxd3 15. Qxd3 0-0 16. c4 f5 17. Rc1 b6 18. Rhe1 a5 19. Nd2 Bg5 20. Qa3 Nc5 21. Rc2 Qf6 22. Bxc5 Rxc5 23. Qd3 Rfc8 24. Rec1 Qh6 25. b3 b5 26. g3 bxc4 27. bxc4 Rb8+ 28. Ka1 e4 29. fxe4 fxe4 30. Qe2 Bf6+ 31. Rc3 Bxc3+ 32. Rxc3 Rcc8 33. Qe3 Qxe3 34. Rxe3 Rf8 35. Re2 e3 36. Rxe3 Rf2 37. Rb3 Re8 38. Nb1 Rxh2 39. Ra3 g5 40. Rxa5 h4 41. gxh4 gxh4 42. Ra3 h3 43. Rg3+ Kh7 44. a3 Ree2 45. Nc3 Re1+ 46. Nb1 Rhh1 47. Rb3 Rxb1+ 48. Rxb1 Rxb1+ 49. Kxb1 h2 50. Kb2 h1Q 51. a4 Qe1 52. Kb3 Qa5 53. Ka3 Qc3+ 54. Ka2 Qxc4+ 55. Kb1 Qxd5 56. Kc1 Qc4+ 57. Kb1 Qxa4 58. Kc1 Qa2 59. Kd1 Kg6 60. Kc1 Kf5 61. Kd1 Ke4 62. Kc1 Kd3 63. Kd1 Qb1# 0-1